000 00545nam a2200205 a 4500
005 20260322212052.0
008 data
020 _a9781680210125
092 _a658.88 Han 2015
100 1 _aHaney, Jill
245 1 0 _aManaging credit/
_cJill Haney & PJ Gray.
246 _aHigh cost
260 _a[Costa Mesa, California] :
_bSaddleback Educational Publishing,
300 _a31 pages : color illustrations ;
_b20 cm.
490 _aMoney Skills
650 0 _aFinance, Personal
650 0 _aMoney management
700 1 _aGray, PJ
001 data
999 _c1222
_d1222